000 00316nam a2200109Ia 4500
008 200302s9999 xx 000 0 und d
100 _aA. K. Chatterjee
245 _aContemporary Urban Architecture A Design Approach A Study of Bombay
260 _bThe Macmillan Co. of India Ltd.
260 _c1977
300 _a126 P.,
999 _c5249
_d5249